| 000 | 00867nam0a22002651 4500 | ||
|---|---|---|---|
| 001 | rc\3046824 | ||
| 005 | 20250806202200.0 | ||
| 035 | _a(NLR Aleph) 007186541 | ||
| 090 |
_a45232 _c45232 |
||
| 100 | _a20041116d1941 u y0rusy50 ca | ||
| 101 | 0 | _arus | |
| 102 | _aRU | ||
| 105 | _ay z ||||y | ||
| 200 | 1 |
_aРодина _e(Письмо к товарищу) |
|
| 210 |
_a[Москва] _cСовет. писатель _d1941 |
||
| 215 |
_a[1], 23 с. _d21 см |
||
| 300 | _aСкопировано множит. аппаратом ГПБ | ||
| 700 | 1 |
_aГорбатов _bБ. Л. _f1908-1954 _gБорис Леонтьевич _3RU\NLR\auth\7732361 _4005 |
|
| 801 | 0 |
_aRU _bNLR _gpsbo |
|
| 801 | 1 |
_aRU _bELAR _2rusmarc |
|
| 852 |
_aNLR _j69-6/9616 |
||
| 942 | _cBOOK | ||
| 945 | _aРоссийская национальная библиотека | ||
| 980 | _aNB | ||
| 980 | _aBV | ||